000 01222cam a22002295a 4500
001 L140559
008 070928s2006 xxkd f s 000 0 eng d
035 _a(Sirsi) u140559
041 0 _aeng
050 0 4 _a016.33125 $2 19
110 2 _aLegal and General Investment Management
_94052
245 0 0 _aRoyal Institution of Chartered Surveyors pensions and assurance scheme investment report for the quarter ended 3 January 2006
260 _aLegal and General Investment Management
_bLondon
_c2006
300 _a20p.
_bill.
_c30cm.
490 0 _aRoyal Institution of Chartered Surveyors Pensions and Assurance Scheme Investment Report
505 2 _aIntroduction -- Scheme report -- Dealing costs -- Corporate governance and shareholder activism -- Performance anf tracking of component funds -- Market Background
520 _aReviews the RICS staff pension scheme's holdings and activity. Reports on performance and provides an overview of investment markets. Covers the fourth quarter of 2005. Values at the quarter end are based on market prices prevailing on 31 December 2005.
650 2 4 _aRICS PENSION
651 4 _aInternational
690 _aMANAGEMENT-BUSINESS MANAGEMENT-FINANCIAL MANAGEMENT
942 _n0
999 _c107514
_d107514